MDQL
is popping MORE tags! Check the
thread
!
Quizzes
Events
Quiz Creation
Community
Videos
Private Events
Remove Ads
Sign In
Join for FREE
Feedback
Dark Mode
Quiz Categories
Sports
Geography
Music
Movies
Television
Just For Fun
Miscellaneous
History
Literature
Language
Science
Gaming
Entertainment
Religion
Holiday
For Kids
Quiz Lab
Recent
Popular Today
Quiz Kudos Today
Editor Picks
Curator Picks
Quizzes by...
Day
Popularity
Type
Ratings
Length
Year
Community
Subscriptions
Recent Discussions
Orange Saloon
Badges
Playlists
Quests
Create
Leaderboards
Showdown
Live 5
Trivia Bingo
Activity
Puzzle Library
Sporcle Events
Private Events
Virtual Trivia
Globe League
Become a Host
Pub Owners
SporcleCon
Opinionation
Our Games
Videos
Blog
Mobile Apps
Partnerships
Remove Ads and Go Orange
Feedback
Sports
Athletes
MLB
NBA
NHL
NFL
Soccer
Sports Teams
WWE
NCAA
Football
Premier League
Basketball
Baseball
Hockey
Golf
Tennis
Cricket
Rugby
Auto Racing
Olympics
World Cup
Sports
Athletes
MLB
NBA
NHL
NFL
Soccer
Sports Teams
WWE
NCAA
Football
Premier League
Basketball
Baseball
Hockey
Golf
Tennis
Cricket
Rugby
Auto Racing
Olympics
World Cup
Random Quiz
Search Sporcle
×
Quiz Lab
Quiz Lab
Sports
final
Type in answers that appear in a list
Type in answers that appear in a list
Classic
Best Score? Go Orange.
TNA Final Resolution Main Events Stats
Can you name the TNA Final Resolution Main Events?
By
wogstyles
3m
29 Questions
60 Plays
60 Plays
60 Plays
Comments
Comments
Give Quiz Kudos
Give Quiz Kudos
-
- Ratings
hide this ad
Replay
Link that replays current quiz
Next Quiz
Link to next quiz in quiz playlist
You Got
0%
They Got
Avg Score
80%
Avg Friend Score
Upgrade to see
Score Distribution
Jump to the score distribution portion of the page
Score
0/29
Timer
03:00
0
Plays Today
PPV
Main Event
% Correct
Final Resolution 2012
Jeff Hardy
97.2%
Final Resolution 2005
Jeff Jarrett
96.7%
Final Resolution 2006
Jeff Jarrett
96.7%
Final Resolution (January) 2008
Kurt Angle
96.7%
Final Resolution 2013
Jeff Hardy
96%
Final Resolution (December) 2008
AJ Styles
95%
Final Resolution 2009
AJ Styles
95%
Final Resolution 2010
Jeff Hardy
95%
Final Resolution 2011
AJ Styles
95%
Final Resolution (December) 2008
Samoa Joe
93.3%
Final Resolution 2006
Sting
91.7%
Final Resolution 2007
Sting
91.7%
Final Resolution (December) 2008
Sting
91.7%
Final Resolution (December) 2008
Kevin Nash
91.7%
Final Resolution 2011
Bobby Roode
91.7%
PPV
Main Event
% Correct
Final Resolution 2012
Bobby Roode
91.7%
Final Resolution 2009
Christopher Daniels
90%
Final Resolution 2006
Christian Cage
85%
Final Resolution 2007
Christian Cage
85%
Final Resolution (January) 2008
Christian Cage
85%
Final Resolution 2007
Abyss
80%
Final Resolution 2005
Monty Brown
76.7%
Final Resolution 2006
Monty Brown
76.7%
Final Resolution 2010
Matt Morgan
76.7%
Final Resolution (December) 2008
Booker T
75%
Final Resolution (December) 2008
Scott Steiner
71.7%
Final Resolution (December) 2008
Brother Ray
71.7%
Final Resolution (December) 2008
Brother Devon
66.7%
Final Resolution 2013
Magnus
52%
Quiz Playlist
Details
Report
Send in Message
Add To Playlist
Classic:
Type in answers that appear in a list
Last Updated: Feb 16, 2017
Quiz Scoreboard
CHALLENGE
Sign Up to Join the Scoreboard
Show All
Scores
Hide
Comments
May contain spoilers
Recently Published
Colored Red Africa Blitz
by spor1
Geography
30s
Find the 'City' Movie
by crazypaving
Movies
60s
5x2 Blitz: Bands
by SL_Kpop136
Music
30s
More to Explore
Quiz From the Vault
Featured Blog Post
14 Easter Pick-up Lines to Find Eggs With
hide this ad
You Might Also Like...
Tags
final
Main Event
PPV
resolution
tna
Today's Top Quizzes in Sports
Browse Sports
hide this ad
Today's Top Quizzes in final
Browse final
Top Contributed Quizzes in Sports
1
Les entraîneurs de l'OM et du PSG au 21e siècle
2
Les meilleurs buteurs des matchs entre le PSG et l’OM
3
Players with Multiple 50 Home Run Seasons
4
2022 World Cup Stars
5
Les joueurs passés par le PSG et l'OM
6
NBA Logic Puzzle 2.0
7
Criteria MLB: Left Handed Sluggers
8
MLB Players with Two .350 Batting Average Seasons
9
Top 10 NHL Goal Scorers of All Time
10
Who Hit More Homers?
Explore More
Trending Topics
Disney
NBA
Kpop
Crossword
Harry Potter
Anime
Marvel
WWE
NFL
Country
Song
Puzzle
The Office
Pokémon
Soccer
hide this ad
More By:
wogstyles
Quiz
Plays
Rating
Category
Featured
Created
WWE World Heavyweight Championship PPV Matches
5,129
4.69
Sports
Apr 18, 2012
WWE Championship PPV Matches
2,237
4.80
Sports
May 3, 2012
TNA World Heavyweight Championship PPV Matches
1,384
4.18
Sports
Apr 18, 2012
WWE Smackdown Only PPV Main Events
946
2.25
Sports
May 4, 2012
WWE Raw Only PPV Main Events
891
3.80
Sports
May 4, 2012
Go to Creator's Profile
Score Distribution
Quiz Creator Spotlight
wogstyles
Follow
Send a Message
Quizzes Created
-
Created Quiz Play Count
-
More By This Creator
Popular Quizzes Today
1
Colored Red Africa Blitz
2
Find the 'City' Movie
3
5x2 Blitz: Bands
4
Find the US States - No Outlines Minefield
5
The Countries of the World
6
Find the US States
7
US States
8
Find the Countries of Europe - No Outlines Minefield
More Sports Quizzes
2007 NBA Draft - 1st Round
Quiz Lab
Trending Quizzes
Colored Red Europe Blitz I
Colored Red Africa Blitz II
Colored Red Europe Blitz II
Colored Red Africa Blitz III
Colored Red Europe Blitz III
Recently Updated
How Do You Spell That?
pecheneg
Godzilla Movies
pecheneg
Grab Bag: 4-10 Letters
pecheneg
2024 March Madness Bracket
pecheneg
Famous TV Couples
Peacemaker
Champions League XIs: Real Madrid
pecheneg
Largest US Cities 1790-2010
pecheneg
Rides in Walt Disney World
pecheneg
Most Oscar Losses (Acting)
pecheneg
Beyoncé Albums
pecheneg
Trending Topics
Marvel
Disney
Harry Potter
Anime
NBA
Kpop
Crossword
The Office
Soccer
Puzzle
Pokémon
Song
Country
NFL
WWE
Your Account Isn't Verified!
In order to create a playlist on Sporcle, you need to verify the email address you used during registration. Go to your
Sporcle Settings
to finish the process.
Report this User
Report this user for behavior that violates our
Community Guidelines
.
Details:
Send Report
Go to the Sporcle.com Mobile Site →
Comments